| 000 | 00819nam a22002057a 4500 | ||
|---|---|---|---|
| 003 | AM-YEHGA | ||
| 005 | 20260403152022.0 | ||
| 008 | 260313s2025 ai ||||| |||| 00| 0|arm|d | ||
| 020 | _a978-9939-79-343-6 | ||
| 040 | _aAM-YEHGA | ||
| 041 | 0 | _aarm | |
| 245 | 0 | 0 |
_aՀայոց լեզու. (Ձևաբանություն) : _bԳործնական աշխատանքների ձեռնարկ / _cՀԱՊՀ; Կազմ․՝ Շ․Բ․ Բարսեղյան․ |
| 260 |
_aԵրևան ։ _bՃարտարագետ, _c2025․ |
||
| 300 | _a88 էջ | ||
| 650 | 1 | 4 |
_aՀայոց լեզու _vՁևաբանություն |
| 700 | 1 |
_aԲարսեղյան, Շահանդուխտ Բելերֆոնի _eկազմ․ _4com |
|
| 710 | 2 | _aՀայաստանի ազգային պոլիտեխնիկական համալսարան | |
| 942 |
_2udc _cBK |
||
| 001 | 2053640 | ||
| 999 |
_c541942 _d541942 |
||